Animación a la lectura con nuevas estrategias

Guardat en:
Dades bibliogràfiques
Autor principal: Sarto, María Monserrat (Autor)
Format: Llibre
Idioma:espanyol
Publicat: Madrid SM 2000
Edició:2a. ed
Matèries:
Etiquetes: Afegir etiqueta
Sense etiquetes, Sigues el primer a etiquetar aquest registre!

MARC

LEADER 00000nam a2200000 a 4500
001 UCH8304
003 CL-VaPUC
008 091127e20000000SP |||||||||||||||||spa|d
020 |a 8434862956 
082 0 4 |a 028.55  |b SAR  |2 21 
100 0 |a Sarto, María Monserrat  |e author  |9 544825 
245 1 0 |a Animación a la lectura con nuevas estrategias 
250 |a 2a. ed 
300 |a 219 p 
942 |c BK 
945 |d 20091127 00:00:00  |a lazolas 
260 |a Madrid  |b SM  |c 2000 
650 7 |a LIBROS Y LECTURA PARA NIÑOS  |2 CL-VaPUC  |9 307463 
650 7 |a LECTURA EDUCACION BASICA  |2 CL-VaPUC  |9 310525 
583 |a last modification  |c 20091127 00:00:00  |k Rodrigo Vera 
999 |c 338531  |d 338529